[Event "Kurnosov Memorial Rapid 2018"]
[Site "Chelyabinsk"]
[Date "2018.09.08"]
[Round "9"]
[White "Kokarev, Dmitry"]
[Black "Oparin, Grigoriy"]
[Result "1-0"]
[WhiteElo "2663"]
[BlackElo "2665"]
[Annotator "TA"]
[PlyCount "121"]
[EventDate "2018.09.07"]
[EventType "swiss"]
[EventCountry "RUS"]
[SourceTitle "playchess.com"]
[Source "ChessBase"]
[SourceQuality "1"]

{[%evp 18,121,33,24,47,10,29,0,48,0,33,31,33,34,68,78,69,59,65,64,96,96,79,95,100,93,110,91,90,93,140,140,243,221,531,506,439,414,645,589,627,632,602,435,592,545,643,602,1081,918,919,867,908,883,875,848,668,670,10627,6341,5631,5397,1377,1021,29965,29967,29963,29968,29967,29967,29969,29970,29970,29971,29970,29969,29969,29970,4837,2588,29971,29972,29974,29976,29976,29972,29948,29961,29981,29981,29981,6955,7148,0,29981,29982,29983,29984,29984,29985,29985,29986,29987,29986,29987,29986]} 1. e4 c6 2. Nc3 d5 3. d4 dxe4 4. Nxe4 Nf6 5. Nxf6+ exf6 6. Bc4 Bd6 7. Qe2+ Qe7 8. Qxe7+ Kxe7 9. Ne2 Be6 10. Bd3 {LiveBook: 8 Partien. B15: Caro-Kann (Flohr-Variante)} a5 (10... Nd7 11. Bf4 Nb6 12. Bxd6+ {½-½ (12) Sokolov,A (2489)-Fressinet,L (2651) Brest 2018}) 11. Bf4 Nd7 $146 ({Vorgänger:} 11... Rd8 12. c3 a4 13. Kd2 b5 14. Bxd6+ Kxd6 15. Ng3 g6 16. Kc2 f5 17. b3 Rd7 {1-0 (73) Rolletschek,H-Van Meter,L (2260) Chicago,IL 1985}) 12. O-O-O {Weiß hat minimalen Vorteil.} Nb6 13. Rhe1 Rhe8 14. Bxd6+ ({Natürlich nicht} 14. Bxh7 g6 $15) 14... Kxd6 15. b3 a4 16. c4 $1 {[%cal Bc2c4,Bc4c5][%mdl 32]} Kc7 17. Kb2 axb3 18. axb3 Bg4 19. f3 Bd7 20. Nf4 ({Schwächer ist} 20. Bxh7 g6 $17) 20... g6 21. c5 {Schwarz muss nun Txe8 beachten.} Nd5 22. Nxd5+ cxd5 23. b4 b5 24. Rxe8 Bxe8 $16 {[%mdl 4096] Endspiel [#] KTL-KTL} (24... Rxe8 $16 25. Ra1 Kb7) 25. Re1 $1 $18 Kd8 $2 {[#]} (25... Rb8 26. Re7+ Kd8) 26. Rxe8+ $1 Kxe8 27. Bxb5+ {KT-KL} Kd8 (27... Ke7 $142 28. Kb3 Ra1) 28. Bc6 Ra7 29. Kb3 Ra1 30. Bxd5 Rb1+ 31. Kc4 Rc1+ 32. Kb5 Rd1 33. Kc6 Rxd4 34. b5 {[%cal Bb4b5,Bb5b6][%mdl 32]} Rd2 35. b6 {b7 ist eine echte Drohung.} Kc8 36. Kd6 Rb2 37. Bxf7 g5 38. Be6+ Kb7 39. Bd5+ Kc8 40. g3 {[%cal Bg2g3,Bg3g4][%mdl 32]} h6 41. g4 Rb1 42. h3 Rb2 43. Be4 Rb4 44. Ke6 Rb5 45. Kxf6 Rxc5 46. b7+ Kc7 47. Kg6 Rb5 48. Kxh6 Kd6 49. Kh5 Kd7 50. h4 gxh4+ 51. Kxh4 Ke6 52. g5 Ke5 53. Kg4 Rb4 54. Kg3 (54. Kh5 $142 Rb2 55. Kh6 Kd6 56. g6 Kc7 57. g7 Rg2 58. Bg6 Rh2+ 59. Kg5 Kxb7 60. g8=Q) 54... Rb2 55. Kg4 (55. Kh3 $18 Ke6 56. f4) 55... Rb4 56. Kh5 {Weiß setzt Matt.} Rb6 57. g6 Kf6 58. Kh6 Rb2 59. Kh7 Ke7 60. Kg7 Rb4 61. f4 {Precision: Weiß = 85%, Schwarz = 27%.} 1-0

[Event "Kurnosov Memorial Rapid 2018"]
[Site "Chelyabinsk"]
[Date "2018.09.08"]
[Round "9"]
[White "Pridorozhni, Aleksei"]
[Black "Sivuk, Vitaly"]
[Result "1-0"]
[WhiteElo "2659"]
[BlackElo "2526"]
[Annotator "TA"]
[PlyCount "129"]
[EventDate "2018.09.07"]
[EventType "swiss"]
[EventCountry "RUS"]
[SourceTitle "playchess.com"]
[Source "ChessBase"]
[SourceQuality "1"]

{[%evp 12,129,57,16,18,20,20,-20,14,-18,0,0,3,0,14,11,25,33,35,35,25,21,19,3,7,0,18,0,19,0,0,0,0,0,0,0,0,0,28,43,90,87,94,45,45,45,45,45,45,46,78,78,72,67,128,114,168,160,204,185,229,223,245,227,251,237,275,246,251,214,246,211,224,223,310,237,241,204,219,208,193,0,122,114,102,107,190,162,677,192,245,302,593,582,568,451,428,422,554,535,495,469,471,398,533,443,461,427,554,545,526,514,777,772,1099,1166,1504,1392,1373,1300]} 1. e4 e6 2. d4 d5 3. Nc3 Bb4 4. exd5 exd5 5. Bd3 c6 6. Qf3 Qf6 7. Be3 {LiveBook: 3 Partien. C01: Französische Verteidigung (Abtauschvariante)} (7. Bf4 {with more complications.} Ne7 8. O-O-O O-O 9. h4 Bxc3 10. bxc3 Bf5 11. Re1) (7. a3 Bd6 8. Qxf6 Nxf6 9. Nge2 Bg4 10. f3 Bh5 11. Bf4 Bxf4 12. Nxf4 Bg6 13. Kd2 Bxd3 14. Rae1+ Kd8 15. Nxd3 {½-½ (41) Pridorozhni,A (2556)-Grachev,B (2657) Kaliningrad 2015}) 7... Qxf3 8. Nxf3 Ne7 9. Nh4 {Die Stellung ist ausgeglichen.} Nd7 $146 ({Vorgänger:} 9... Be6 10. O-O-O Bxc3 11. bxc3 Nd7 12. Rde1 Nf8 13. Re2 Nfg6 14. Nf3 O-O {1-0 (32) Hickl,J (2500)-Levitt,J (2495) Tel Aviv 1989}) 10. h3 Nf8 11. O-O-O Nfg6 12. Nxg6 hxg6 13. g4 Bxc3 14. bxc3 Be6 15. f3 Kd7 16. h4 Nc8 17. Bf4 Nd6 18. Rh2 a5 19. Rdh1 a4 20. h5 (20. Kd1 {seems wilder.} Rae8 21. Be5 Rhg8 22. Re2 Nc4 23. Bf4) 20... gxh5 21. Rxh5 Rxh5 22. Rxh5 Rg8 23. Rh7 Ne8 24. Kb2 Nf6 25. Rh1 Ra8 26. Ka3 Ke7 27. Rb1 b5 28. Rh1 $36 {[%mdl 2048] Schwarz steht unter Druck.} Nd7 $1 29. Rh7 Rg8 30. Kb4 f6 31. Rh1 Kf7 32. Re1 Rh8 (32... Re8 $14) 33. Bd6 $16 {Droht f4 und aus.} Re8 {[#]} (33... Rc8 $16) 34. f4 $1 $18 {[%cal Rf4f5]} Nb6 35. g5 f5 36. Be5 Nd7 {[#]} 37. g6+ $1 Kxg6 38. Rg1+ Kh5 39. Rxg7 Kh4 40. Bd6 Kh3 41. Be7 Kh2 42. Bh4 Rh8 43. Bg5 Re8 44. Be2 Kg3 45. Bh5 Rh8 46. Be2 $2 (46. Bg6 $18) 46... Kf2 (46... Re8 $1 $11 {hält das Gleichgewicht.}) 47. Bd3 {Und Te7 würde nun gewinnen.} Re8 48. Rh7 Kg3 (48... Ke1 $16 49. Rh2 Kd1) 49. Rh6 Kg4 $2 (49... Nb6 50. Kc5 Nc4) 50. Rh1 $2 (50. Be2+ Kg3 51. Bh5 c5+ 52. dxc5) 50... Kg3 (50... Nb6 {war einen Versuch wert.} 51. Be2+ Kg3) 51. Re1 Kg4 $2 (51... Bf7 {ist eine bessere Verteidigung.} 52. Rxe8 Bxe8) 52. Re3 {[%cal Rd3e2]} Kh5 {[#] Jetzt ...Kg6 und Schwarz darf weiter klammern.} 53. Bxf5 $1 {[%mdl 512]} Bxf5 54. Rxe8 Bxc2 {[%mdl 4096] Endspiel KTL-KLS} 55. Re6 Nb6 56. Rxc6 Nc4 57. a3 Bd3 58. Rh6+ {Weiß steht klar auf Gewinn.} Kg4 59. Kxb5 Nxa3+ 60. Kxa4 Nc4 61. Kb4 Ne3 (61... Be2 $142 62. Re6 Bf3) 62. Re6 Nf5 63. Re5 Bc4 64. Kc5 Ng3 65. Rxd5 {Precision: Weiß = 70%, Schwarz = 37%.} 1-0

[Event "Kurnosov Memorial Rapid 2018"]
[Site "Chelyabinsk"]
[Date "2018.09.08"]
[Round "9"]
[White "Lysyj, Igor"]
[Black "Ulybin, Mikhail"]
[Result "1-0"]
[WhiteElo "2644"]
[BlackElo "2496"]
[Annotator "TA"]
[PlyCount "84"]
[EventDate "2018.09.07"]
[EventType "swiss"]
[EventCountry "RUS"]
[SourceTitle "playchess.com"]
[Source "ChessBase"]
[SourceQuality "1"]

{[%evp 9,84,29,59,49,46,33,41,33,50,49,47,43,75,74,65,71,71,71,66,68,77,79,111,70,90,82,85,65,72,73,139,80,93,92,95,92,122,97,108,75,141,80,78,17,25,27,45,31,62,47,64,46,54,20,54,29,70,43,60,54,71,51,69,42,53,42,54,0,64,52,69,0,63,31,40,36,165]} 1. d4 e6 2. c4 f5 3. Nf3 Nf6 4. g3 d5 5. Bf4 (5. Bg2 Bd6 6. O-O O-O 7. b3 b6 8. Ba3 Ne4 9. Bxd6 Qxd6 10. cxd5 exd5 11. e3 Ba6 12. Re1 Nd7 13. Qc1 c5 14. Qa3 Bb7 15. dxc5 bxc5 {0-1 (40) Melkumyan,H (2633)-Grischuk,A (2772) Riadh 2017}) 5... Bd6 6. e3 $146 {A84: Dutch Defence: 2 c4 Miscellaneous} ({Predecessor:} 6. Bxd6 cxd6 7. cxd5 Nxd5 8. Bg2 Bd7 9. O-O O-O 10. Nc3 Bc6 11. Qb3 Qe7 12. e3 Nd7 {1-0 (59) Demianjuk,A (2342)-Zhikharev,V (2188) St Petersburg 2014}) 6... O-O 7. Bg2 Bd7 8. Qc2 Bxf4 9. exf4 Bc6 10. c5 Nbd7 11. O-O a5 12. a3 a4 13. Re1 Ne4 14. Nc3 {[%cal Bb1c3,Bc3a2,Ba2b4][%mdl 32]} Re8 15. Bf1 Ra5 16. Na2 Qa8 17. Nb4 Bb5 18. Bg2 Bc4 19. Nd2 b5 {[#]} (19... Bb5 $142) 20. cxb6 ({White should play} 20. g4 $1 {[%mdl 512]}) 20... Nxd2 21. Qxd2 Nxb6 22. Rac1 Rb5 23. Re3 Qc8 24. Rce1 Bb3 {[#]} (24... c5 $142 25. dxc5 Rxc5) 25. Qd3 (25. Bf1 $142 $1 {[%cal Rf1b5]} Bc4 26. Be2) 25... Nc4 $16 26. R3e2 ({Better is} 26. Bxd5 $16 Nxe3 27. Bxb3) 26... Nd6 $11 {Hoping for ...Bc4.} 27. Qe3 Bc4 28. Rc2 Qd7 29. Rec1 Rb6 30. Bf3 h6 31. h4 Re7 32. Qd2 Kf8 33. Kg2 Kg8 34. Qe3 Kf8 35. Rc3 Kg8 36. Qd2 Kf8 37. Re3 Kg8 38. Qc3 (38. Ree1 $14) 38... Kf8 (38... Nb5 $11 39. Qd2 Nd6) 39. Qe1 Kf7 40. Qc3 Kf8 $1 41. Rce1 Nb5 42. Qd2 Rf7 {Precision: White = 41%, Black = 39%.} (42... Qd6 $14) 1-0

[Event "Kurnosov Memorial Rapid 2018"]
[Site "Chelyabinsk"]
[Date "2018.09.08"]
[Round "9"]
[White "Yudin, Sergei"]
[Black "Lugovskoy, Maxim"]
[Result "1-0"]
[WhiteElo "2641"]
[BlackElo "2416"]
[Annotator "TA"]
[PlyCount "83"]
[EventDate "2018.09.07"]
[EventType "swiss"]
[EventCountry "RUS"]
[SourceTitle "playchess.com"]
[Source "ChessBase"]
[SourceQuality "1"]

{[%evp 13,83,14,26,0,14,8,15,10,11,15,56,47,80,94,88,83,99,100,107,83,130,71,100,70,106,79,100,77,86,45,83,87,68,87,100,68,101,83,145,141,291,285,448,448,488,471,456,404,396,382,739,719,727,713,769,824,768,697,581,0,379,345,479,484,445,426,568,586,587,586,592,558]} 1. e4 e6 2. Qe2 Nc6 3. Nf3 e5 4. g3 g6 5. Bg2 Bg7 6. O-O {C00: French: Unusual White 2nd moves} Nge7 7. c3 d6 {LiveBook: 3 Games} 8. Rd1 {White has an edge.} (8. b4 a6 9. a4 O-O 10. d3 h6 11. Bb2 Be6 12. Nbd2 {½-½ (52) Zvjaginsev,V (2643)-Usmanov,V (2459) Sochi 2017}) 8... O-O 9. d4 exd4 10. Nxd4 Nxd4 11. cxd4 Nc6 12. Be3 h5 $146 13. Nc3 Bg4 14. f3 Bd7 15. Rac1 f5 16. h3 Kh8 17. Kh2 (17. d5 $142 Ne7 18. Bg5) 17... Rc8 18. Qd2 Qe8 19. Ne2 Qf7 20. d5 Ne7 21. Bd4 Ng8 22. Bxg7+ Qxg7 23. exf5 Bxf5 24. Nd4 g5 25. Re1 Ne7 ({Better is} 25... Bd7) 26. Nb5 $16 h4 {[#]} (26... Nxd5 $16 {keeps fighting.} 27. Qxd5 c6 28. Qxd6 Rfd8) 27. g4 $1 $18 (27. Rxc7 hxg3+ 28. Kxg3 Rxc7 $16) (27. Nxa7 hxg3+ 28. Kxg3 Rcd8 $16) (27. Nxc7 Ng6 $14) 27... Bd7 (27... a6 $142) 28. Nxa7 Ra8 29. Rxc7 Ng6 30. Rxb7 Nf4 31. Nc6 Rae8 $2 (31... Rf7 32. a4 Be8) 32. Rxe8 Rxe8 33. Bf1 Kg8 34. a4 Qh7 35. Qc3 Qf7 36. Nb8 $2 (36. Nd4 $18 Rc8 37. Qd2) 36... Nxh3 $2 {[%mdl 8192] [#]} (36... Ne2 $1 $11 37. Qd2 Qxf3 38. Qxg5+ Kh8 39. Qh6+ (39. Qxh4+ Kg8 $11) 39... Kg8 40. Qg6+ (40. Qxh4 $2 Qe3 $19) 40... Kh8 41. Qh6+ Kg8 42. Qg6+ (42. Qxh4 $2 Qe3 $19) 42... Kh8 43. Qh6+) 37. Rb4 $1 (37. Rxd7 {leads to mate.} Qf4+ 38. Kh1 Nf2+ 39. Kg1 Qg3+ 40. Bg2 Nh3+ 41. Kh1 Re1+ 42. Qxe1 Qxe1+ 43. Kh2 Nf4 44. Rd8+ Kf7 45. Rd7+ Ke8 46. Rd8+ Kxd8 47. Nc6+ Ke8 48. Bh3 Nxh3 49. Kg2 Qg3+ 50. Kh1 Qg1#) 37... Nf4 38. Nxd7 {White is clearly winning.} Qxd7 39. Qf6 ({Weaker is} 39. Bb5 Qa7 $16) 39... Qe7 40. Qxe7 Rxe7 41. a5 {[%cal Ba4a5,Ba5a6][%mdl 32]} Re1 42. a6 {Precision: White = 60%, Black = 33%.} 1-0

[Event "Kurnosov Memorial Rapid 2018"]
[Site "Chelyabinsk"]
[Date "2018.09.08"]
[Round "9"]
[White "Bocharov, Ivan"]
[Black "Yakovich, Yuri"]
[Result "1/2-1/2"]
[WhiteElo "2625"]
[BlackElo "2502"]
[Annotator "TA"]
[PlyCount "87"]
[EventDate "2018.09.07"]
[EventType "swiss"]
[EventCountry "RUS"]
[SourceTitle "playchess.com"]
[Source "ChessBase"]
[SourceQuality "1"]

{[%evp 13,87,31,38,31,33,0,14,5,28,14,8,10,30,21,20,7,21,-15,-15,-25,-24,-19,-20,-19,0,-18,-15,-63,-6,-18,-10,-9,7,4,9,0,0,0,0,0,0,0,0,0,6,0,0,0,0,0,6,0,0,0,0,0,5,5,6,6,6,0,0,0,0,0,0,0,0,0,0,0,0,0,0,0]} 1. e4 c5 2. Nf3 e6 3. d4 cxd4 4. Nxd4 a6 5. c4 Nf6 6. Nc3 Bb4 7. Qd3 {B41: Sicilian: Kan Variation: 5 c4} d5 {LiveBook: 47 Games} (7... Qc7 8. Nc2 Bc5 9. Be2 O-O 10. O-O Nc6 11. Kh1 d6 12. f4 Bd7 13. a3 Rad8 14. b4 Ba7 {½-½ (115) Karjakin,S (2782)-Caruana,F (2816) Paris 2018}) 8. cxd5 exd5 9. e5 {White is slightly better.} Ne4 10. Be2 $146 ({Predecessor:} 10. g3 Qc7 11. Nc2 Ba5 12. Bd2 Qxe5 13. Nxe4 dxe4 14. Qe3 Bxd2+ 15. Kxd2 {0-1 (32) Timofeev,V (1479)-Chekletsov,E (1970) St Petersburg 2017}) 10... Nc6 11. Nxc6 bxc6 12. O-O Bf5 {[#] aiming for ...Nxc3.} 13. Nxe4 Bxe4 14. Qg3 O-O $1 15. Bd3 (15. Bh6 {looks sharper.} Bg6 16. Bf4 Be7 17. Rac1 c5 18. Rfd1) 15... Bxd3 16. Qxd3 Re8 17. Bf4 Qb6 18. Rac1 Rac8 19. Rc2 Qb5 20. Qh3 d4 (20... Re6 $15) 21. Rd1 $11 {The position is equal.} Rcd8 {Strongly threatening ...d3.} 22. Qb3 Re6 23. Rc4 Be7 24. Qxb5 cxb5 25. Rcxd4 Rxd4 26. Rxd4 {[%mdl 4096] Endgame KRB-KRB} g5 27. Bd2 Rxe5 28. Kf1 h5 29. h3 Kh7 30. f4 gxf4 31. Bxf4 Re6 32. b3 Kg6 33. Rd5 Rc6 34. Ke2 Rc2+ 35. Rd2 Rxd2+ 36. Bxd2 {KB-KB} Kf5 37. Kd3 Ke5 38. Be1 f5 39. Bg3+ Kd5 40. Bf4 Bc5 41. Be3 Bd6 42. Bd4 Bg3 43. Bc3 Bf4 44. Bb2 {Precision: White = 62%, Black = 64%.} 1/2-1/2

[Event "Kurnosov Memorial Rapid 2018"]
[Site "Chelyabinsk"]
[Date "2018.09.08"]
[Round "9"]
[White "Yuffa, Daniil"]
[Black "Artemiev, Vladislav"]
[Result "0-1"]
[WhiteElo "2563"]
[BlackElo "2733"]
[Annotator "TA"]
[PlyCount "52"]
[EventDate "2018.09.07"]
[EventType "swiss"]
[EventCountry "RUS"]
[SourceTitle "playchess.com"]
[Source "ChessBase"]
[SourceQuality "1"]

{[%evp 15,52,28,24,-77,-62,-135,-137,-138,-134,-362,-356,-364,-362,-443,-433,-423,-417,-422,-433,-503,-502,-487,-493,-487,-476,-522,-517,-518,-505,-827,-811,-807,-743,-944,-921,-1031,-1027,-29990,-29991]} 1. d4 Nf6 2. c4 g6 3. Nc3 d5 4. Bg5 Bg7 5. Bxf6 Bxf6 6. cxd5 c6 7. e4 {D80: Grünfeld: Unusual White 4th moves and 4 Bg5} O-O 8. e5 Bg7 {LiveBook: 22 Games} 9. dxc6 $146 (9. Bc4 $11) ({Predecessor:} 9. Bc4 b5 10. Be2 b4 11. Na4 cxd5 12. Nf3 Bg4 13. O-O Qa5 14. b3 Bxf3 15. Bxf3 {0-1 (59) Xiong,J (2665)-Durarbayli,V (2618) Saint Louis 2018}) 9... Nxc6 $17 {[%cal Bb8c6,Bc6b4,Bb4c2][%mdl 32]} 10. Nge2 (10. f4 $1 $15) 10... Qb6 {[%mdl 1024] Black has strong compensation.} 11. Qb3 {[#]} Nb4 $1 {Threatens to win with ...Be6.} 12. Na4 $2 {[#]} (12. Rd1 $17 {was necessary.} Bf5 13. Rd2) 12... Qa5 $1 $19 {( -> ...Nd3+)} 13. Nec3 Be6 14. Bc4 Bxc4 15. Qxc4 Nc2+ 16. Ke2 b5 {[%cal Bb7b5,Bb5b4][%mdl 32]} (16... Nxa1 $2 17. Rxa1 Rac8 18. Qb3 $17) 17. Qd3 Nxa1 18. Nc5 b4 19. N3a4 Rfd8 20. f4 {[#]} Nc2 $1 21. Qxc2 Rxd4 22. Ke3 (22. Nb3 $142 Qd5 23. Nxd4 Qxg2+ 24. Ke3 Qxh1 25. Nf3) 22... Rad8 23. g3 Qc7 24. Rc1 {[#]} Bxe5 $1 25. fxe5 Qxe5+ 26. Kf3 Rd2 {Precision: White = 13%, Black = 100%.} 0-1

[Event "Kurnosov Memorial Rapid 2018"]
[Site "Chelyabinsk"]
[Date "2018.09.08"]
[Round "9"]
[White "Demidov, Mikhail"]
[Black "Kostenko, Petr"]
[Result "1-0"]
[WhiteElo "2514"]
[BlackElo "2359"]
[Annotator "TA"]
[PlyCount "57"]
[EventDate "2018.09.07"]
[EventType "swiss"]
[EventCountry "RUS"]
[SourceTitle "playchess.com"]
[Source "ChessBase"]
[SourceQuality "1"]

{[%evp 14,57,58,54,55,65,104,61,58,48,54,54,90,78,83,42,138,136,134,139,137,118,118,106,153,156,379,373,402,395,939,682,560,297,517,512,506,477,469,430,834,840,832,822,802,801]} 1. Nf3 Nf6 2. g3 b5 3. Bg2 Bb7 4. O-O e6 5. d3 c5 6. e4 {A05: Réti Opening: 1 Nf3 Nf6} Be7 (6... d6 7. Nbd2 Be7 8. a4 b4 9. Re1 Nc6 10. Nc4 O-O 11. a5 a6 12. e5 Nxe5 13. Nfxe5 Bxg2 14. Kxg2 dxe5 15. Rxe5 {1-0 (69) Movsesian,S (2635)-Geller,J (2518) Pardubice 2018}) 7. e5 Nd5 8. c4 {LiveBook: 5 Games. White is slightly better.} Nc7 9. Nc3 a6 10. h4 O-O 11. Qe2 $146 ({Predecessor:} 11. Bf4) 11... f5 12. exf6 Rxf6 13. Ne4 Rf8 14. Bg5 d6 {[#]} ({Black should play} 14... Bxg5 $14 15. Nfxg5 h6) 15. d4 $1 $16 {[%cal Rd4c5] dxc5 is the strong threat.} cxd4 16. Nxd4 e5 17. Nc2 {[%cal Bd4c2,Bc2e3,Be3f5,Bf5d6][%mdl 32]} Bxg5 18. hxg5 Qe7 19. Rad1 Rd8 $2 (19... Nd7 $16 20. Nxd6 Bxg2 21. Kxg2 Qxg5) 20. Ne3 $18 Bxe4 21. Bxe4 Ra7 $2 (21... Nd7 22. Bxa8 Rxa8) 22. Nf5 Qxg5 23. Nxd6 Nd7 $2 (23... Rf8 24. c5 g6) 24. cxb5 {White is clearly winning.} axb5 {[#]} 25. Bxh7+ $1 {[%mdl 512]} Kxh7 26. Nf7 Qe7 (26... Qf5 $142) 27. Nxd8 Qxd8 28. Qd3+ Kg8 29. Qxd7 {Precision: White = 64%, Black = 27%.} 1-0

[Event "Kurnosov Memorial Rapid 2018"]
[Site "Chelyabinsk"]
[Date "2018.09.08"]
[Round "9"]
[White "Belyakov, Bogdan"]
[Black "Shcherbakov, Ruslan"]
[Result "*"]
[WhiteElo "2496"]
[BlackElo "2516"]
[Annotator "TA"]
[PlyCount "56"]
[EventDate "2018.09.07"]
[EventType "swiss"]
[EventCountry "RUS"]
[SourceTitle "playchess.com"]
[Source "ChessBase"]
[SourceQuality "1"]

{[%evp 11,56,2,31,26,41,30,48,-61,10,7,0,10,0,0,0,0,-11,-18,-27,-50,-48,-48,-48,-58,-57,-102,-88,-102,0,-28,58,-8,-6,-35,-37,-46,-56,-40,-51,-41,-45,-38,-53,-52,70,79,131]} 1. e4 c5 2. c3 d5 3. exd5 Qxd5 4. d4 {[%cal Bd2d4,Bd4d5][%mdl 32]} Nc6 5. Nf3 Bf5 (5... Nf6 6. Be2 cxd4 7. cxd4 e6 8. O-O Be7 9. Nc3 Qd6 10. Nb5 Qd8 11. Bf4 Nd5 12. Bg3 O-O 13. Bc4 a6 14. Nc3 Nxc3 15. bxc3 b5 16. Bd3 Bb7 17. a4 b4 18. Rb1 Bf6 19. Be4 a5 20. cxb4 axb4 21. Bxc6 {½-½ (21) Zvjaginsev,V (2660)-Moiseenko,A (2692) Berlin 2015}) 6. Be2 {B22: Sicilian: 2 c3} e6 {LiveBook: 8 Games} 7. c4 Qd8 $146 {[%cal Rc5d4]} ({Predecessor:} 7... Qd7 8. d5 Nd4 9. Nxd4 cxd4 10. Qxd4 exd5 11. cxd5 Nf6 12. Nc3 b6 13. Bb5 {1-0 (13) Young,A (2063)-Thorpe,T (1863) Cardiff 2013}) 8. d5 {White is slightly better.} Nb4 9. Na3 (9. O-O $14) 9... Nf6 ({Black should play} 9... exd5 $15 10. cxd5 Be7) 10. Nh4 Be4 {[%cal Re6d5]} 11. f3 Bg6 $1 {[%cal Re6d5]} 12. Nxg6 hxg6 13. Qa4+ Qd7 14. Nb5 {[#] And now a3 would win.} exd5 15. Nc7+ Kd8 16. Qxd7+ Kxd7 17. Nxa8 Nc2+ 18. Kd1 Nxa1 19. cxd5 Rh5 (19... Bd6 $17 20. Bb5+ Kc8) 20. Bb5+ Kd8 ({Black should try} 20... Kc8 $11 21. Bf4 Bd6 22. Bxd6 Rxd5+ 23. Kc1 (23. Ke2 $2 Nc2 $19) 23... Rxd6) 21. Bc4 (21. Bf4 $1 $14) 21... Bd6 $11 ({Much weaker is} 21... Nxd5 $6 22. Re1 $16) 22. h4 b5 23. g4 $1 {[%cal Rg4h5]} Re5 24. Bxb5 {[#] Threatens to win with Bg5.} Rxd5+ 25. Ke2 $1 Nc2 {Hoping for ...Nd4+.} 26. Bc4 Re5+ 27. Kf2 Nd4 (27... Re7 $15) 28. Bf4 $14 Re2+ {Precision: White = 54%, Black = 38%.} (28... Nd7 $142) *

[Event "Kurnosov Memorial Rapid 2018"]
[Site "Chelyabinsk"]
[Date "2018.09.08"]
[Round "9"]
[White "Iskusnyh, Sergei"]
[Black "Volkov, Sergey"]
[Result "0-1"]
[WhiteElo "2476"]
[BlackElo "2603"]
[Annotator "TA"]
[PlyCount "120"]
[EventDate "2018.09.07"]
[EventType "swiss"]
[EventCountry "RUS"]
[SourceTitle "playchess.com"]
[Source "ChessBase"]
[SourceQuality "1"]

{[%evp 14,120,0,-1,20,11,14,9,14,22,22,18,22,15,28,25,25,23,87,85,75,84,64,79,65,54,76,76,81,74,81,74,107,-153,-149,-149,-155,-152,-157,-150,-136,-129,-121,-141,-56,-53,-65,-59,-42,-55,-41,-66,-58,-60,-39,-45,-35,-56,-60,-80,-37,-104,-69,-54,-52,-86,-27,-94,-40,-40,-41,-42,-37,-41,-33,-48,-53,-80,-74,-107,-37,-102,-76,-101,-72,-79,-79,-72,-79,-78,-72,-144,-144,-294,-238,-363,-367,-538,-522,-1643,-1631,-1608,-1558,-1454,-1389,-1312,-1197,-1040,-889]} 1. d4 d5 2. c4 c6 3. Nf3 Nf6 4. g3 Bf5 5. Nc3 e6 6. Nh4 {D11: Slav Defence: 3 Nf3 sidelines and 3...Nf6 4 e3 Bg4} dxc4 (6... Bg4 7. h3 Bh5 8. Qb3 Qc8 9. g4 Bg6 10. Nxg6 hxg6 11. Bg2 Be7 12. Bd2 Nbd7 {1-0 (45) Cheparinov,I (2710)-Laznicka,V (2647) Riadh 2017}) 7. Nxf5 exf5 8. e3 {LiveBook: 13 Games. The position is equal.} g6 9. Bxc4 Bg7 10. Qb3 $146 ({Predecessor:} 10. b4 O-O 11. Qb3 Nbd7 12. b5 c5 {1-0 (34) Jirka,J (2415)-Huzman,A (2601) Israel 2011}) 10... Qe7 11. O-O O-O 12. Rd1 a5 13. Bd2 $36 {[%mdl 2048] White fights for an advantage.} a4 14. Qc2 b5 15. Bf1 a3 (15... Na6 $11) 16. Bg2 $16 axb2 17. Qxb2 Qa3 18. Rab1 Re8 19. Rdc1 Qxb2 20. Rxb2 Ra6 21. Rbc2 Bf8 22. d5 {Hoping for dxc6.} b4 23. Ne2 $2 {[%mdl 8192]} (23. dxc6 $16 {is necessary to keep the advantage. Strongly threatening Ne2.} bxc3 24. Bxc3) 23... c5 $1 $17 24. Nf4 Nbd7 25. Bf1 Ra5 26. Bc4 Ne4 27. Be1 Ne5 28. Bb3 Nf3+ (28... g5 $17 29. Ne2 g4) 29. Kg2 $15 Nxe1+ 30. Rxe1 Bd6 31. Ne2 Be5 32. Rd1 Rd8 33. Rdc1 Bd6 34. h3 h5 35. Rd1 Kf8 36. Rdc1 Ke7 37. Rd1 ({White should play} 37. f3 $15 Nf6 38. Nf4) 37... Rh8 38. h4 Rd8 39. Rdc1 Kd7 (39... Be5 $17) 40. Rd1 (40. f3 $11 {keeps the balance.} Nf6 41. Nf4) 40... Re8 ({Black should try} 40... Be5 $1 $17) 41. Rdc1 Nf6 42. Ng1 Rc8 43. Ne2 Rca8 44. Rd1 Ke7 45. Rdc1 Nd7 46. Rd1 {[#]} Ne5 (46... Nb6 $1 $17) 47. Nf4 {[#]} (47. Nc1 $15) 47... c4 $1 $17 {[%cal Rc4b3][%mdl 512]} 48. Bxc4 Rc8 49. Rdc1 Nxc4 50. Rxc4 Rxc4 51. Rxc4 Rxa2 {[%mdl 4096] Endgame Threatens to win with ...b3. KRB-KRN} 52. Rc6 {[#]} (52. Nd3 $142) 52... Ra8 $1 53. Ne2 (53. Nd3 $17 {is a better defense.}) 53... Rb8 $19 54. Rc1 (54. Nd4 $142 b3 55. Rc1) 54... Be5 (54... b3 $2 55. Nd4 $19) 55. f4 (55. Rb1 $142 b3 56. Kf1) 55... Bh8 {Black is clearly winning.} 56. Nd4 Bxd4 57. exd4 b3 {[%cal Bb4b3,Bb3b2][%mdl 32]} 58. Kf3 b2 59. Rb1 Kd6 60. Ke3 Kxd5 {Precision: White = 41%, Black = 51%.} 0-1

[Event "Kurnosov Memorial Rapid 2018"]
[Site "Chelyabinsk"]
[Date "2018.09.09"]
[Round "10"]
[White "Chigaev, Maksim"]
[Black "Yuffa, Daniil"]
[Result "1/2-1/2"]
[WhiteElo "2678"]
[BlackElo "2563"]
[Annotator "TA"]
[PlyCount "19"]
[EventDate "2018.09.07"]
[EventType "swiss"]
[EventCountry "RUS"]
[SourceTitle "playchess.com"]
[Source "ChessBase"]
[SourceQuality "1"]

{[%evp 18,19,24,0]} 1. d4 d5 2. c4 c6 3. cxd5 cxd5 4. Bf4 Nc6 5. Nc3 Nf6 6. Nf3 Nh5 $146 ({Vorgänger:} 6... a6 7. Rc1 Nh5 8. Bd2 Nf6 9. Bf4 Nh5 10. Bd2 Nf6 11. Bf4 {½-½ (11) So,W (2778)-Aronian,L (2764) Paris 2018}) 7. Bd2 Nf6 8. Bf4 Nh5 9. Bd2 Nf6 10. Bf4 {LiveBook: 7825 Partien} 1/2-1/2